Introducción al estudio de los contratos comerciales: su relación con los contratos civiles
Guardat en:
| Autor principal: | |
|---|---|
| Format: | Llibre |
| Idioma: | espanyol |
| Publicat: |
Buenos Aires
Belgrano
1991
|
| Edició: | 3a. ed |
| Col·lecció: | Colección Textos
|
| Matèries: | |
| Etiquetes: |
Afegir etiqueta
Sense etiquetes, Sigues el primer a etiquetar aquest registre!
|
MARC
| LEADER | 00000nam a2200000 a 4500 | ||
|---|---|---|---|
| 001 | UCM2900 | ||
| 003 | CL-VaPUC | ||
| 008 | 020621e19910000AG |||||||||||||||||spa|d | ||
| 082 | 0 | 4 | |a 346.02 |b GAS |2 21 |
| 100 | |a Gastaldi, José María |e autor |9 469611 | ||
| 245 | 1 | 0 | |a Introducción al estudio de los contratos comerciales: su relación con los contratos civiles |
| 250 | |a 3a. ed | ||
| 300 | |a 195 p | ||
| 942 | |c BK | ||
| 945 | |d 20020621 00:00:00 |a vberengu | ||
| 260 | |a Buenos Aires |b Belgrano |c 1991 | ||
| 650 | 0 | |a Contratos comerciales |9 374028 | |
| 583 | |a last modification |c 20020621 00:00:00 |k Rodrigo Vera | ||
| 490 | 0 | |a Colección Textos | |
| 999 | |c 300516 |d 300514 | ||
| 952 | |0 0 |1 0 |4 0 |6 346_020000000000000_GAS_1991 |7 0 |8 A |9 358377 |a BIBDER |b BIBDER |d 2019-11-21 |i 382179K |l 1 |m 6 |o 346.02 GAS 1991 |p 382179K |q 2025-12-31 |r 2020-03-04 |s 2020-03-04 |w 2019-11-21 |y BK |k DER | ||